Algebra
Chapter 0. Background, Chapter 1. Groups, Chapter 2. Ring; integral domains, Chapter 3. Modules,...
में बचाया:
| मुख्य लेखक: | |
|---|---|
| स्वरूप: | पुस्तक |
| भाषा: | Undetermined |
| प्रकाशित: |
London
Collier-MacMillan Limited
1970
|
| विषय: | |
| टैग : |
टैग जोड़ें
कोई टैग नहीं, इस रिकॉर्ड को टैग करने वाले पहले व्यक्ति बनें!
|
| Thư viện lưu trữ: | Trung tâm Học liệu Trường Đại học Cần Thơ |
|---|
| LEADER | 00605nam a2200193Ia 4500 | ||
|---|---|---|---|
| 001 | CTU_1150 | ||
| 008 | 210402s9999 xx 000 0 und d | ||
| 082 | |a 512 | ||
| 082 | |b G618 | ||
| 100 | |a Goldhaber, Jacob K. | ||
| 245 | 0 | |a Algebra | |
| 245 | 0 | |c Jacob K. Goldhaber, Gertrude Ehrlich | |
| 260 | |a London | ||
| 260 | |b Collier-MacMillan Limited | ||
| 260 | |c 1970 | ||
| 520 | |a Chapter 0. Background, Chapter 1. Groups, Chapter 2. Ring; integral domains, Chapter 3. Modules,... | ||
| 650 | |a Algebra,Đại số | ||
| 904 | |i Minh, Hải | ||
| 980 | |a Trung tâm Học liệu Trường Đại học Cần Thơ | ||